IBPS bank clerk guide (preliminary & main exams)/ (Record no. 11977)

MARC details
000 -LEADER
fixed length control field 00491nam a22001817a 4500
005 - DATE AND TIME OF LATEST TRANSACTION
control field 20240921051537.0
008 - FIXED-LENGTH DATA ELEMENTS--GENERAL INFORMATION
fixed length control field 240921b |||||||| |||| 00| 0 eng d
020 ## - INTERNATIONAL STANDARD BOOK NUMBER
International Standard Book Number 9789355642493
040 ## - CATALOGING SOURCE
Original cataloging agency IN-DiNC
Transcribing agency IN-DiNC
041 ## - LANGUAGE CODE
Language code of sung or spoken text English
082 ## - DEWEY DECIMAL CLASSIFICATION NUMBER
Classification number 030
Item number IBP
245 ## - TITLE STATEMENT
Title IBPS bank clerk guide (preliminary & main exams)/
Statement of responsibility, etc. n.a.
250 ## - EDITION STATEMENT
Edition statement 12th ed.
260 ## - PUBLICATION, DISTRIBUTION, ETC.
Place of publication, distribution, etc. New Delhi:
Name of publisher, distributor, etc. Disha publication,
Date of publication, distribution, etc. n.a.
650 ## - SUBJECT ADDED ENTRY--TOPICAL TERM
Topical term or geographic name entry element Reasoning ability
650 ## - SUBJECT ADDED ENTRY--TOPICAL TERM
Topical term or geographic name entry element Quantitative aptitude
942 ## - ADDED ENTRY ELEMENTS (KOHA)
Source of classification or shelving scheme Dewey Decimal Classification
Koha item type Books
Holdings
Withdrawn status Lost status Source of classification or shelving scheme Damaged status Not for loan Collection code Home library Current library Shelving location Date acquired Cost, normal purchase price Total Checkouts Full call number Barcode Date due Date last seen Date last checked out Copy number Price effective from Koha item type
    Dewey Decimal Classification     General Collection Central Library, Naharkatiya College Central Library, Naharkatiya College General Stacks 21/09/2024 775.00 2 030 IBP 30401 09/05/2026 20/04/2026 20/04/2026 1 21/09/2024 Books

Naharkatiya College © 2020. All rights reserved.

Powered By